Statistiche per Nomi dei calciatori - Quiz n°10

Clicka qui per fare il quiz!

Statistiche generali

  • Questo quiz è stato fatto 50 volte
  • Il punteggio medio è 6 su 10

Statistiche sulle risposte

HintRisposta% Corretto
RooneyWayne
90%
BennacerIsmaël
82%
MartinezLautaro
79%
RüdigerAntonio
72%
TorreiraLucas
72%
ArbeloaÁlvaro
62%
CataldiDanilo
59%
EstupiñánPervis
59%
DomizziMaurizio
46%
AtroriaDavide
23%

Distribuzione punteggi

Percentile per numero di risposta

Percentuale di utenti per punteggio

I tuoi punteggi nel tempo

Non hai fatto questo quiz